000
00270 a2200097 4500
001
33657
100
_a
Uyemurs, John P.
245
_a
Fundamentals of MOS digital integrated circuits
260
_a
Reading, Massachusetts
_b
Addison-Wesley Pub
_c
1988
090
_c
22384
_d
22384
942
_a
NUST-CAE
_c
M
_c
13763
999
_c
268730
_d
268730